MARC details
| 000 -CABECERA |
| campo de control de longitud fija |
02102nam a2200289 i 4500 |
| 003 - IDENTIFICADOR DEL NÚMERO DE CONTROL |
| campo de control |
DO-SdBNP |
| 005 - FECHA Y HORA DE LA ÚLTIMA TRANSACCIÓN |
| campo de control |
20260601123139.0 |
| 007 - CAMPO FIJO DE DESCRIPCIÓN FÍSICA--INFORMACIÓN GENERAL |
| campo de control de longitud fija |
ta |
| 008 - DATOS DE LONGITUD FIJA--INFORMACIÓN GENERAL |
| campo de control de longitud fija |
260601e2025 dr ||||gr|||||||| ||spa d |
| 020 ## - NÚMERO INTERNACIONAL ESTÁNDAR DEL LIBRO |
| Número Internacional Estándar del Libro |
9789945518504. |
| 040 ## - FUENTE DE LA CATALOGACIÓN |
| Centro catalogador/agencia de origen |
DO-SdBNP |
| Lengua de catalogación |
spa |
| Centro/agencia transcriptor |
BNPHU |
| Normas de descripción |
rda |
| 041 ## - CÓDIGO DE LENGUA |
| Código de lengua del texto/banda sonora o título independiente |
spa |
| 082 ## - NÚMERO DE LA CLASIFICACIÓN DECIMAL DEWEY |
| Número de documento/Ítem |
G993p 2025 |
| Número de edición |
22 |
| 100 ## - ENTRADA PRINCIPAL--NOMBRE DE PERSONA |
| Nombre de persona |
Guzmán Ovalle, Dilcia |
| 9 (RLIN) |
85130 |
| Término indicativo de función/relación |
autor |
| 245 ## - MENCIÓN DE TÍTULO |
| Título |
El placer de dar : |
| Mención de responsabilidad, etc. |
las claves para una vida plena a través de la generosidad y la empatía / |
| Resto del título |
Dilcia Guzmán ; corrección: Eridania Rodríguez. |
| 264 ## - PRODUCCIÓN, PUBLICACIÓN, DISTRIBUCIÓN, FABRICACIÓN Y COPYRIGHT |
| Producción, publicación, distribución, fabricación y copyright |
Santo Domingo Republica Dominicana : |
| Nombre del de productor, editor, distribuidor, fabricante |
Publicaciones Libertad, |
| Fecha de producción, publicación, distribución, fabricación o copyright |
2025. |
| 300 ## - DESCRIPCIÓN FÍSICA |
| Extensión |
120 paginas ; |
| Dimensiones |
21 x 14 cm. |
| 336 ## - TIPO DE CONTENIDO |
| Término de tipo de contenido |
texto |
| Código de tipo de contenido |
txt |
| Fuente |
rdacontent |
| 337 ## - TIPO DE MEDIO |
| Nombre/término del tipo de medio |
sin mediación |
| Código del tipo de medio |
n |
| Fuente |
rdamedia |
| 338 ## - TIPO DE SOPORTE |
| Nombre/término del tipo de soporte |
volumen |
| Código del tipo de soporte |
nc |
| Fuente |
rdacarrier |
| 500 ## - NOTA GENERAL |
| Nota general |
100 Libros para San Pedro. |
| 520 ## - SUMARIO, ETC. |
| Sumario, etc. |
“El Placer de Dar”, de Dilcia Guzmán, nos abre las puertas a una comprensión más profunda del poder transformador que reside en la generosidad. Este libro no se limita a exaltar los beneficios para quien recibe, sino que ilumina el impacto profundo y enriquecedor que el acto de dar tiene en nuestra propia vida y en el tejido mismo de nuestra sociedad. A través de reflexiones honestas y perspectivas inspiradoras, la autora nos muestra cómo la práctica constante de la generosidad puede cultivar la empatía, fortalecer las comunidades y generar un ciclo virtuoso de bienestar colectivo. “El Placer de Dar” es una invitación a desmantelar la creencia de que la felicidad se encuentra únicamente en la posesión, y a descubrir la plenitud que surge al contribuir al bienestar de los demás. Este libro es una lectura esencial para aquellos que buscan vivir una vida con propósito, conectarse de manera más auténtica con su entorno y experimentar la alegría genuina que proviene de sembrar semillas de bondad en el mundo. Prepárense para ser conmovidos e impulsados a hacer del dar una parte integral de su existencia. |
| 590 ## - NOTA LOCAL (RLIN) |
| Nota local |
Inventariado, 2026/WG. |
| 650 #0 - PUNTO DE ACCESO ADICIONAL DE MATERIA--TÉRMINO DE MATERIA |
| Término de materia o nombre geográfico como elemento de entrada |
Felicidad |
| 9 (RLIN) |
5856 |
| 650 #0 - PUNTO DE ACCESO ADICIONAL DE MATERIA--TÉRMINO DE MATERIA |
| Término de materia o nombre geográfico como elemento de entrada |
Vida cristiana |
| 9 (RLIN) |
668 |
| 942 ## - ELEMENTOS DE PUNTO DE ACCESO ADICIONAL (KOHA) |
| Fuente del sistema de clasificación o colocación |
Dewey Decimal Classification |
| Tipo de ítem Koha |
Libro |